000
00407nam a2200145Ia 4500
008
090124s9999 xx 000 0 und d
082
_b
21312
245
_a
कंचन और कसोटी
250
_a
1
260
_b
चाँद चन्दनमल
_c
1974
300
_a
101
630
_a
कंचन और कसोटी
730
_a
कंचन और कसोटी
942
_c
BOOK
999
_c
181331
_d
181331